Normal view
MARC view
- PRODUCTION PLANNING PRODUCTION CONTROL CONTROL SYSTEMS-MANUFACTURING
Entry Topical Term
001 - CONTROL NUMBER
- control field: 79691
003 - CONTROL NUMBER IDENTIFIER
- control field: NUST
005 - DATE AND TIME OF LATEST TRANSACTION
- control field: 20210628210515.0
008 - FIXED-LENGTH DATA ELEMENTS
- fixed length control field: 210628|| aca||aabn | a|a d
040 ## - CATALOGING SOURCE
- Original cataloging agency: NUST
- Transcribing agency: NUST
150 ## - HEADING--TOPICAL TERM
- Topical term or geographic name entry element: PRODUCTION PLANNING PRODUCTION CONTROL CONTROL SYSTEMS-MANUFACTURING
670 ## - SOURCE DATA FOUND
- Source citation: Work cat.: (NUST): Vollman, Thomas E Whybark, D Clay Berry, William L 79690, Manufacturing planning and control systems, 1997
